[Event "American Continental 19th"]
[Site "Foz do Iguacu"]
[Date "2025.05.25"]
[Round "4"]
[White "Casalaspro, Mathias Andre"]
[Black "Brizzi, Milagros Tatiana"]
[Result "1/2-1/2"]
[WhiteElo "2319"]
[BlackElo "2152"]
[PlyCount "120"]
[EventDate "2025.05.23"]
[EventType "swiss"]
[EventRounds "11"]
[EventCountry "BRA"]
[SourceTitle "CB23_2025"]
[SourceDate "2025.06.04"]
[SourceVersion "1"]
[SourceVersionDate "2025.06.04"]
[SourceQuality "1"]

1. e4 c6 2. d4 d5 3. f3 dxe4 4. fxe4 e5 5. Nf3 Bg4 6. c3 Nd7 7. Be2 Bd6 8. Nbd2 b5 9. a4 a6 10. axb5 axb5 11. Rxa8 Qxa8 12. dxe5 Nxe5 13. Nc4 Nxc4 14. Bxc4 bxc4 15. Qxd6 Ne7 16. Ne5 Be6 17. Rf1 c5 18. Rf4 g5 19. Rf2 Qxe4+ 20. Re2 Qb1 21. Kd1 Qf5 22. Ke1 Qb1 23. Kd1 Qf5 24. g4 Qf1+ 25. Kd2 Qf6 26. Ke1 h5 27. Be3 hxg4 28. Rf2 Qg7 29. Qb8+ Bc8 30. Bxc5 0-0 31. Bxe7 Re8 32. Bf6 Qh7 33. Qd6 g3 34. hxg3 Bg4 35. Rd2 Qh1+ 36. Kf2 Qh2+ 37. Ke3 Qg1+ 38. Ke4 Qe1+ 39. Kd5 Qxd2+ 40. Kc5 Qxd6+ 41. Kxd6 Re6+ 42. Kd5 Bh3 43. Nd7 Re2 44. Ne5 Be6+ 45. Kd4 Rxb2 46. Bxg5 Rb5 47. Bf6 Rd5+ 48. Ke4 Rd1 49. g4 Re1+ 50. Kd4 Rd1+ 51. Kc5 Rf1 52. g5 Rf4 53. Kb6 Kh7 54. Kb5 Rf5 55. Kb4 Rf1 56. Kc5 Re1 57. Kb5 Rf1 58. Kb4 Re1 59. Kc5 Rf1 60. Kd6 Kg8 1/2-1/2

[Event "Buenos Aires Faogba op 3rd"]
[Site "Buenos Aires"]
[Date "2025.04.03"]
[Round "3"]
[White "Casalaspro, Mathias Andre"]
[Black "Meza Astrada, Agustin"]
[Result "1-0"]
[WhiteElo "2317"]
[BlackElo "1994"]
[PlyCount "75"]
[EventDate "2025.04.02"]
[EventType "swiss"]
[EventRounds "9"]
[EventCountry "ARG"]
[SourceTitle "CB16_2025"]
[SourceDate "2025.04.16"]
[SourceVersion "1"]
[SourceVersionDate "2025.04.16"]
[SourceQuality "1"]

1. e4 e6 2. d4 d5 3. Nc3 Nf6 4. e5 Nfd7 5. f4 c5 6. Nf3 Nc6 7. Be3 a6 8. Ne2 b5 9. h4 Qb6 10. c3 f6 11. Kf2 Be7 12. Qd3 0-0 13. Kg1 cxd4 14. cxd4 Qd8 15. g3 f5 16. Rc1 Na5 17. b3 h5 18. Ng5 Nb6 19. Qd2 Nb7 20. Rc2 Bd7 21. Nc1 Rc8 22. Nd3 Rc7 23. Rh2 g6 24. Qd1 Rxc2 25. Rxc2 Qa8 26. Be2 Kg7 27. Rc7 Bxg5 28. fxg5 Rc8 29. Rxc8 Qxc8 30. Nf4 Be8 31. Bd2 Qc6 32. Bb4 Nc8 33. Qd2 Kg8 34. Kf2 Kf7 35. Nxh5 gxh5 36. g6+ Kg8 37. Qh6 Qc7 38. Qf8# 1-0

[Event "Rio de Janeiro Duchamp op 5th"]
[Site "Rio de Janeiro"]
[Date "2024.12.07"]
[Round "7"]
[White "Vera Gonzalez Quevedo, Reynaldo"]
[Black "Casalaspro, Mathias Andre"]
[Result "0-1"]
[WhiteElo "2313"]
[BlackElo "2208"]
[PlyCount "74"]
[EventDate "2024.12.02"]
[EventType "swiss"]
[EventRounds "9"]
[EventCountry "BRA"]
[SourceTitle "CB50_2024"]
[SourceDate "2024.11.01"]
[SourceVersion "1"]
[SourceVersionDate "2024.11.01"]
[SourceQuality "2"]

1. d4 Nf6 2. c4 g6 3. Nc3 Bg7 4. e4 d6 5. Be2 0-0 6. Nf3 e5 7. 0-0 Bg4 8. Be3 Bxf3 9. Bxf3 exd4 10. Bxd4 Nc6 11. Be3 Nd7 12. Rc1 Re8 13. Qb3 Bd4 14. Nd5 Nc5 15. Qa3 Bg7 16. b4 Ne6 17. Rfd1 Ned4 18. c5 dxc5 19. b5 Nxf3+ 20. gxf3 Nd4 21. Bxd4 Bxd4 22. Rxc5 Bxc5 23. Qxc5 Rc8 24. Qc3 Qg5+ 25. Kf1 Re6 26. f4 Qd8 27. f5 gxf5 28. exf5 Rd6 29. Rd3 Rxd5 30. Rg3+ Kf8 31. Qg7+ Ke7 32. Re3+ Kd6 33. Qxf7 Kc5 34. Rc3+ Kb6 35. Qe6+ c6 36. a4 Rd1+ 37. Kg2 Qd5+ 0-1

[Event "Rio de Janeiro Duchamp op 5th"]
[Site "Rio de Janeiro"]
[Date "2024.12.04"]
[Round "4"]
[White "Casalaspro, Mathias Andre"]
[Black "Dias, Matheus Braga"]
[Result "1-0"]
[WhiteElo "2208"]
[BlackElo "1965"]
[PlyCount "87"]
[EventDate "2024.12.02"]
[EventType "swiss"]
[EventRounds "9"]
[EventCountry "BRA"]
[SourceTitle "CB50_2024"]
[SourceDate "2024.11.01"]
[SourceVersion "1"]
[SourceVersionDate "2024.11.01"]
[SourceQuality "2"]

1. e4 c5 2. Nf3 d6 3. d4 cxd4 4. Nxd4 Nf6 5. Nc3 a6 6. Bg5 e6 7. f4 h6 8. Bh4 Qb6 9. a3 Qc7 10. Bxf6 gxf6 11. f5 h5 12. Be2 Nc6 13. fxe6 fxe6 14. Bxh5+ Kd8 15. Bg4 Nxd4 16. Qxd4 Qg7 17. 0-0-0 Bd7 18. Bh3 Rh5 19. Rhf1 Be7 20. Kb1 Kc7 21. Rf3 Rd8 22. Ne2 Kb8 23. Rb3 Rc5 24. Qd2 Rdc8 25. Nd4 Qf7 26. Rd3 Bf8 27. c3 Ka8 28. g3 d5 29. exd5 exd5 30. Bxd7 Qxd7 31. Nb3 Rb5 32. Rxd5 Qh7+ 33. Qc2 Rxd5 34. Rxd5 Qc7 35. Qd3 Re8 36. Ka2 Bh6 37. Qg6 Rh8 38. Qxf6 Bg7 39. Qf2 Rf8 40. Qd2 Qb6 41. a4 Rf2 42. Rd8+ Ka7 43. a5 Qf6 44. Qe3+ 1-0

[Event "Rio de Janeiro Duchamp op 5th"]
[Site "Rio de Janeiro"]
[Date "2024.12.03"]
[Round "3"]
[White "Fucs, Paulo Moses"]
[Black "Casalaspro, Mathias Andre"]
[Result "1/2-1/2"]
[WhiteElo "1917"]
[BlackElo "2208"]
[PlyCount "69"]
[EventDate "2024.12.02"]
[EventType "swiss"]
[EventRounds "9"]
[EventCountry "BRA"]
[SourceTitle "CB50_2024"]
[SourceDate "2024.11.01"]
[SourceVersion "1"]
[SourceVersionDate "2024.11.01"]
[SourceQuality "2"]

1. d4 Nf6 2. Nf3 c5 3. c4 cxd4 4. Nxd4 Nc6 5. Nc3 g6 6. e3 Bg7 7. Be2 d6 8. a3 Bd7 9. Bd2 Rc8 10. Rc1 h5 11. h3 a6 12. Nf3 Ne5 13. Nxe5 dxe5 14. 0-0 0-0 15. b4 Bf5 16. Be1 Qc7 17. c5 Rcd8 18. Qb3 e4 19. Rd1 Rxd1 20. Nxd1 Nd7 21. f4 exf3 22. Bxf3 Ne5 23. e4 Be6 24. Qb1 Bc4 25. Rf2 Nd3 26. Ne3 Bb5 27. a4 Nxe1 28. axb5 Nxf3+ 29. Rxf3 axb5 30. Nd5 Qe5 31. Qd3 Ra8 32. Rf1 Ra2 33. Qf3 f6 34. Nxf6+ Bxf6 35. Qb3+ 1/2-1/2

[Event "Rio de Janeiro Duchamp op 5th"]
[Site "Rio de Janeiro"]
[Date "2024.12.02"]
[Round "2"]
[White "Casalaspro, Mathias Andre"]
[Black "Nascimento, Nicolas Daniel Trin"]
[Result "1/2-1/2"]
[WhiteElo "2208"]
[BlackElo "1978"]
[PlyCount "67"]
[EventDate "2024.12.02"]
[EventType "swiss"]
[EventRounds "9"]
[EventCountry "BRA"]
[SourceTitle "CB50_2024"]
[SourceDate "2024.11.01"]
[SourceVersion "1"]
[SourceVersionDate "2024.11.01"]
[SourceQuality "2"]

1. e4 e5 2. Nf3 Nf6 3. Nxe5 d6 4. Nd3 Nxe4 5. Qe2 Qe7 6. Nf4 c6 7. d4 d5 8. Nd2 Nd6 9. h4 Bf5 10. c3 Nd7 11. h5 h6 12. f3 0-0-0 13. Qxe7 Bxe7 14. Kf2 Rde8 15. Bd3 Bg5 16. Bxf5 Nxf5 17. Nf1 Re7 18. g4 Nd6 19. Nd3 Bxc1 20. Rxc1 f5 21. Ne3 fxg4 22. Nxg4 Rhe8 23. Nge5 Nf7 24. f4 Nd6 25. Rhg1 Nf6 26. Rh1 Nfe4+ 27. Kf3 Re6 28. Rcg1 R8e7 29. Ng6 Rf7 30. Nde5 Rf5 31. Nh4 Rxh5 32. Rg6 Rxg6 33. Nexg6 Kd8 34. Rg1 1/2-1/2

[Event "Manaus op"]
[Site "Manaus"]
[Date "2024.10.17"]
[Round "9"]
[White "Mendes Domingues, Ribeiro Matheus"]
[Black "Casalaspro, Mathias Andre"]
[Result "1/2-1/2"]
[WhiteElo "2250"]
[BlackElo "2187"]
[PlyCount "38"]
[EventDate "2024.10.11"]
[EventType "swiss"]
[EventRounds "9"]
[EventCountry "BRA"]
[SourceTitle "CB43_2024"]
[Source "Chessbase"]
[SourceDate "2024.10.23"]
[SourceVersion "1"]
[SourceVersionDate "2024.10.23"]
[SourceQuality "1"]

1. c4 Nf6 2. Nc3 g6 3. e4 d6 4. d4 Bg7 5. Be2 0-0 6. Be3 a5 7. Nf3 Ng4 8. Bg5 h6 9. Bd2 e5 10. dxe5 Nxe5 11. Nxe5 dxe5 12. Be3 Nc6 13. Qxd8 Rxd8 14. Nd5 Rd7 15. 0-0 f5 16. Rad1 f4 17. Bc5 b6 18. Ba3 Nd4 19. Bd3 Ba6 1/2-1/2

[Event "Manaus op"]
[Site "Manaus"]
[Date "2024.10.13"]
[Round "4"]
[White "Casalaspro, Mathias Andre"]
[Black "Fier, Alexandr"]
[Result "1/2-1/2"]
[WhiteElo "2187"]
[BlackElo "2539"]
[PlyCount "106"]
[EventDate "2024.10.11"]
[EventType "swiss"]
[EventRounds "9"]
[EventCountry "BRA"]
[SourceTitle "CB43_2024"]
[Source "Chessbase"]
[SourceDate "2024.10.23"]
[SourceVersion "1"]
[SourceVersionDate "2024.10.23"]
[SourceQuality "1"]

1. e4 c5 2. Nf3 Nc6 3. Bb5 g6 4. 0-0 Bg7 5. Re1 e5 6. Bxc6 dxc6 7. d3 Qc7 8. a4 a5 9. Na3 Nf6 10. Nc4 Nd7 11. b3 Nf8 12. Bb2 f6 13. h3 Ne6 14. c3 0-0 15. g3 Bd7 16. h4 Rad8 17. Qe2 Be8 18. Qe3 b6 19. d4 cxd4 20. cxd4 exd4 21. Nxd4 Nxd4 22. Bxd4 c5 23. Bc3 Bc6 24. Qf4 Qxf4 25. gxf4 Rd3 26. Re3 Rfd8 27. Rae1 Rxe3 28. Rxe3 Bh6 29. Bxf6 Rd1+ 30. Kg2 Bxf4 31. Re2 Bc7 32. f3 Kf7 33. Be5 Bd8 34. Bc3 Ke8 35. Rd2 Rb1 36. Bb2 Bxh4 37. Nxb6 g5 38. Nc4 g4 39. Ne5 gxf3+ 40. Kxf3 Bb7 41. Nc4 Ba8 42. Rh2 Rf1+ 43. Ke2 Rf4 44. Nd6+ Kd7 45. Be5 Rg4 46. Kf3 h5 47. Bf4 Bd8 48. Nf7 Bc7 49. Bxc7 Rxe4 50. Bf4 Re7+ 51. Kg3 Rxf7 52. Rxh5 Rg7+ 53. Rg5 Rxg5+ 1/2-1/2

[Event "Manaus op"]
[Site "Manaus"]
[Date "2024.10.12"]
[Round "2"]
[White "Casalaspro, Mathias Andre"]
[Black "Da Silva, Joao Carlos Orguim"]
[Result "1-0"]
[WhiteElo "2187"]
[BlackElo "1822"]
[PlyCount "77"]
[EventDate "2024.10.11"]
[EventType "swiss"]
[EventRounds "9"]
[EventCountry "BRA"]
[SourceTitle "CB43_2024"]
[Source "Chessbase"]
[SourceDate "2024.10.23"]
[SourceVersion "1"]
[SourceVersionDate "2024.10.23"]
[SourceQuality "1"]

1. e4 c5 2. Nf3 d6 3. d4 cxd4 4. Nxd4 Nf6 5. Nc3 g6 6. Be3 Bg7 7. f3 0-0 8. Qd2 Nc6 9. 0-0-0 Nxd4 10. Bxd4 Be6 11. Kb1 Qa5 12. Nd5 Qd8 13. h4 Nxd5 14. exd5 Bxd4 15. Qxd4 Bd7 16. h5 Qc7 17. Bd3 g5 18. Qe4 f5 19. Qxe7 h6 20. Qe3 Rfe8 21. Qd4 Re5 22. f4 gxf4 23. Qxf4 Kh7 24. Rhe1 Rae8 25. Rxe5 Rxe5 26. Qg4 Be8 27. Bxf5+ Kh8 28. Bg6 Qe7 29. Qc8 Kg7 30. Bxe8 Qxe8 31. Qxb7+ Re7 32. Re1 Kf6 33. Rxe7 Qxe7 34. Qxe7+ Kxe7 35. c4 Kf6 36. Kc2 Kg5 37. g4 Kxg4 38. c5 Kf5 39. c6 1-0

[Event "Caioba op 8th"]
[Site "Caioba"]
[Date "2024.06.29"]
[Round "8"]
[White "Matsuura, Everaldo"]
[Black "Casalaspro, Mathias Andre"]
[Result "1-0"]
[WhiteElo "2380"]
[BlackElo "2172"]
[PlyCount "111"]
[EventDate "2024.06.23"]
[EventType "swiss"]
[EventRounds "9"]
[EventCountry "BRA"]
[SourceTitle "CBM 220 Extra"]
[Source "ChessBase"]
[SourceDate "2024.07.31"]
[SourceVersion "1"]
[SourceVersionDate "2024.07.31"]
[SourceQuality "1"]

1. c4 Nf6 2. g3 g6 3. Bg2 Bg7 4. Nc3 0-0 5. e4 d6 6. Nge2 c5 7. 0-0 Nc6 8. d3 Ne8 9. Be3 Nd4 10. Rb1 Rb8 11. a3 a6 12. b4 Nc7 13. bxc5 dxc5 14. Na4 Nce6 15. Nb6 Nxe2+ 16. Qxe2 Nd4 17. Qd1 Bd7 18. f4 Bb5 19. Nd5 Bd7 20. f5 gxf5 21. Qh5 e6 22. exf5 Nxf5 23. Rxf5 exf5 24. Bxc5 Re8 25. Bb6 Qc8 26. Qh4 Bc6 27. Ne7+ Rxe7 28. Qxe7 Bxg2 29. Kxg2 Qc6+ 30. Kg1 Re8 31. Qc5 Qf3 32. Qd5 Qe2 33. Qxf5 Re6 34. Bc5 Re5 35. Qc8+ Re8 36. Qd7 Bh6 37. Rf1 Be3+ 38. Bxe3 Qxe3+ 39. Kg2 Re7 40. Qd5 Qd2+ 41. Rf2 Qh6 42. Qd8+ Qf8 43. Qxf8+ Kxf8 44. Kf3 Re5 45. Rb2 b5 46. d4 Rh5 47. c5 Ke7 48. Ke4 Kd7 49. d5 f6 50. Rc2 Re5+ 51. Kd4 Re8 52. c6+ Kd6 53. Rf2 Rf8 54. Re2 f5 55. Re6+ Kc7 56. Re7+ 1-0

[Event "Caioba op 8th"]
[Site "Caioba"]
[Date "2024.06.24"]
[Round "2"]
[White "Calcada, Henrique Galvan"]
[Black "Casalaspro, Mathias Andre"]
[Result "0-1"]
[WhiteElo "1864"]
[BlackElo "2172"]
[PlyCount "60"]
[EventDate "2024.06.23"]
[EventType "swiss"]
[EventRounds "9"]
[EventCountry "BRA"]
[SourceTitle "CBM 220 Extra"]
[Source "ChessBase"]
[SourceDate "2024.07.31"]
[SourceVersion "1"]
[SourceVersionDate "2024.07.31"]
[SourceQuality "1"]

1. d4 Nf6 2. Bf4 c5 3. d5 b5 4. c4 b4 5. g3 d6 6. Bg2 g6 7. Nf3 Bg7 8. Qc1 h6 9. h4 a5 10. 0-0 Ng4 11. Ne1 g5 12. hxg5 hxg5 13. Bxg5 Nh2 14. Nd2 Nxf1 15. Nxf1 Kd7 16. Nd3 Kc7 17. a3 b3 18. Qe3 Bd4 19. Qxe7+ Qxe7 20. Bxe7 Re8 21. Bg5 Rxe2 22. Bf3 Rc2 23. Bd1 Bf5 24. Bxc2 bxc2 25. Nc1 Nd7 26. Ra2 Ne5 27. Be3 Nf3+ 28. Kg2 Be4 29. Kh3 Rh8+ 30. Kg4 f5+ 0-1

[Event "Pocos de Caldas op"]
[Site "Pocos de Caldas"]
[Date "2024.05.17"]
[Round "2"]
[White "Bucci, Andrea Vidigal"]
[Black "Casalaspro, Mathias Andre"]
[Result "0-1"]
[WhiteElo "1781"]
[BlackElo "2115"]
[PlyCount "70"]
[EventDate "2024.05.17"]
[EventType "swiss"]
[EventRounds "6"]
[EventCountry "BRA"]
[SourceTitle "EXT 2025"]
[Source "ChessBase"]
[SourceDate "2024.10.14"]
[SourceVersion "1"]
[SourceVersionDate "2024.10.14"]
[SourceQuality "1"]

1. e4 c5 2. Nf3 d6 3. d4 cxd4 4. Nxd4 Nf6 5. Nc3 a6 6. Be2 e5 7. Nb3 Be6 8. 0-0 Nbd7 9. f4 Qc7 10. Bf3 Be7 11. Be3 0-0 12. f5 Bc4 13. Rf2 b5 14. Nd2 b4 15. Nxc4 bxc3 16. b3 Nc5 17. Bxc5 Qxc5 18. Qe1 Bd8 19. Rd1 d5 20. exd5 e4 21. Be2 Nxd5 22. Rxd5 Qxd5 23. Qxc3 Bf6 24. Qg3 Bd4 25. f6 g6 26. Qh4 Qf5 27. Nd6 Qxf2+ 28. Qxf2 Bxf2+ 29. Kxf2 Rfd8 30. Nxe4 Rd5 31. Bd3 Re8 32. g4 a5 33. a4 h5 34. g5 Rxe4 35. Bxe4 Rxg5 0-1

[Event "Rio de Janeiro op 3rd"]
[Site "Rio de Janeiro"]
[Date "2024.04.26"]
[Round "7"]
[White "Casalaspro, Mathias Andre"]
[Black "Abrantes, Tiago Garrido"]
[Result "1/2-1/2"]
[WhiteElo "2107"]
[BlackElo "2201"]
[PlyCount "69"]
[EventDate "2024.04.22"]
[EventType "swiss"]
[EventRounds "9"]
[EventCountry "BRA"]
[SourceTitle "CBM 219 Extra"]
[Source "ChessBase"]
[SourceDate "2024.05.31"]
[SourceVersion "1"]
[SourceVersionDate "2024.05.31"]
[SourceQuality "1"]

1. e4 e5 2. Nf3 Nc6 3. Bb5 a6 4. Ba4 Nf6 5. 0-0 Be7 6. Re1 b5 7. Bb3 d6 8. c3 0-0 9. h3 Na5 10. Bc2 c5 11. d4 Qc7 12. d5 Nc4 13. b3 Nb6 14. Be3 a5 15. Nbd2 a4 16. Bd3 axb3 17. axb3 Rxa1 18. Qxa1 Bd7 19. Qb2 Ra8 20. Ra1 Qb7 21. Ne1 Ra6 22. Nc2 Ne8 23. Bf1 f5 24. f3 Bh4 25. c4 f4 26. Bf2 Bxf2+ 27. Kxf2 Rxa1 28. Qxa1 bxc4 29. Nxc4 Nxc4 30. Bxc4 Bb5 31. Qc3 Qa6 32. Bxb5 Qxb5 33. b4 cxb4 34. Nxb4 h6 35. Nd3 1/2-1/2

[Event "Florianopolis Autumn op"]
[Site "Florianopolis"]
[Date "2024.04.13"]
[Round "3"]
[White "Casalaspro, Mathias Andre"]
[Black "Bassani, Jaison Jose"]
[Result "1/2-1/2"]
[WhiteElo "2107"]
[BlackElo "1966"]
[PlyCount "120"]
[EventDate "2024.04.12"]
[EventType "swiss"]
[EventRounds "6"]
[EventCountry "BRA"]
[SourceTitle "CBM 219 Extra"]
[Source "ChessBase"]
[SourceDate "2024.05.31"]
[SourceVersion "1"]
[SourceVersionDate "2024.05.31"]
[SourceQuality "1"]

1. d4 g6 2. e4 Bg7 3. Nc3 c6 4. h4 h5 5. Nh3 d5 6. e5 Nh6 7. Nf4 Nf5 8. Be3 c5 9. Qd2 Nc6 10. Bb5 cxd4 11. Bxd4 0-0 12. Bxc6 bxc6 13. 0-0 Nxd4 14. Qxd4 Qb6 15. Nfe2 Qxd4 16. Nxd4 Bb7 17. f4 c5 18. Nb3 Rac8 19. Na4 c4 20. Nd4 Ba6 21. Nc3 Rfd8 22. Kf2 Rc7 23. a4 Bc8 24. Ke3 f6 25. Ncb5 Rc5 26. Nxa7 fxe5 27. fxe5 Bxe5 28. Ndc6 d4+ 29. Kd2 c3+ 30. bxc3 dxc3+ 31. Kc1 Ba6 32. Nxd8 Bxf1 33. Nac6 Bxg2 34. Nxe7+ Kh7 35. Ne6 Rc4 36. Nf8+ Kg7 37. Nfxg6 Bf6 38. a5 Re4 39. Kb1 Bxe7 40. Nxe7 Rxe7 41. Ka2 Bd5+ 42. Ka3 Rb7 43. Rg1+ Kf6 44. Rg5 Be4 45. Rxh5 Bxc2 46. Rc5 Rb3+ 47. Ka2 Rb2+ 48. Ka3 Rb3+ 49. Ka2 Bd1 50. a6 Rb6 51. Rxc3 Rxa6+ 52. Kb2 Ra4 53. Rc5 Rxh4 54. Kc3 Bf3 55. Rc4 Rh3 56. Kd4 Ke6 57. Rb4 Kd6 58. Rb6+ Bc6 59. Rb8 Rh4+ 60. Ke3 Ke5 1/2-1/2

[Event "Florianopolis op 10th"]
[Site "Florianopolis"]
[Date "2024.01.27"]
[Round "9"]
[White "Casalaspro, Mathias Andre"]
[Black "Frattini, Beatriz Maria"]
[Result "1-0"]
[WhiteElo "2121"]
[BlackElo "1873"]
[PlyCount "47"]
[EventDate "2024.01.20"]
[EventType "swiss"]
[EventRounds "10"]
[EventCountry "BRA"]
[SourceTitle "EXT 2025"]
[Source "ChessBase"]
[SourceDate "2024.10.14"]
[SourceVersion "1"]
[SourceVersionDate "2024.10.14"]
[SourceQuality "1"]

1. d4 Nf6 2. Bg5 d5 3. Nd2 c5 4. dxc5 e6 5. e4 Bxc5 6. e5 h6 7. Bh4 g5 8. Bg3 Nfd7 9. h4 gxh4 10. Rxh4 Nxe5 11. Qh5 Ng6 12. Rg4 Qf6 13. Bd3 e5 14. Bxg6 Bxg4 15. Qxg4 Nc6 16. Bh5 Nb4 17. 0-0-0 Nxa2+ 18. Kb1 Nb4 19. Ngf3 Nc6 20. Bh4 Qf4 21. Qxf4 exf4 22. Nb3 Be7 23. Nbd4 Bxh4 24. Nxh4 1-0

[Event "Florianopolis op 10th"]
[Site "Florianopolis"]
[Date "2024.01.26"]
[Round "8"]
[White "Filgueiras, Nathan Felipe"]
[Black "Casalaspro, Mathias Andre"]
[Result "1-0"]
[WhiteElo "2321"]
[BlackElo "2121"]
[PlyCount "89"]
[EventDate "2024.01.20"]
[EventType "swiss"]
[EventRounds "10"]
[EventCountry "BRA"]
[SourceTitle "CBM 218 Extra"]
[Source "ChessBase"]
[SourceDate "2024.03.31"]
[SourceVersion "1"]
[SourceVersionDate "2024.03.31"]
[SourceQuality "1"]

1. e4 c6 2. d4 d5 3. e5 Bf5 4. h4 h5 5. Bd3 Bxd3 6. Qxd3 Qa5+ 7. Nd2 e6 8. Ngf3 Ne7 9. 0-0 Nf5 10. Nb3 Qa6 11. Qd1 Be7 12. g3 Nd7 13. Bg5 Bxg5 14. Nxg5 g6 15. c3 Kf8 16. Nc1 c5 17. Ne2 Kg7 18. Re1 c4 19. Nf4 Nf8 20. Kg2 Nh7 21. Nxh7 Rxh7 22. Rh1 Nh6 23. f3 Nf5 24. Qd2 Qb6 25. Rh2 Kf8 26. Rf1 Ke7 27. g4 hxg4 28. fxg4 Nxh4+ 29. Rxh4 Rxh4 30. Nxd5+ exd5 31. Qg5+ Kf8 32. Qxh4 Kg7 33. Kg3 Rh8 34. Rxf7+ Kxf7 35. Qxh8 Qxb2 36. Qf6+ Kg8 37. Qxg6+ Kf8 38. Qh6+ Ke7 39. Qf6+ Ke8 40. e6 Qxc3+ 41. Kh4 Qe1+ 42. Kh5 Qh1+ 43. Kg6 Qe4+ 44. Kh6 Qe3+ 45. Kg7 1-0

[Event "Titled Tuesday intern op 09th Jan Late"]
[Site "Chess.com INT"]
[Date "2024.01.09"]
[Round "1"]
[White "Casalaspro, Mathias Andre"]
[Black "Yuan, Qingyu"]
[Result "0-1"]
[WhiteElo "2121"]
[BlackElo "2360"]
[PlyCount "29"]
[EventDate "2024.01.09"]
[EventType "swiss (blitz)"]
[EventRounds "11"]
[EventCountry "USA"]
[SourceTitle "EXT 2025"]
[Source "ChessBase"]
[SourceDate "2024.10.14"]
[SourceVersion "1"]
[SourceVersionDate "2024.10.14"]
[SourceQuality "1"]

1. d4 Nf6 2. Nc3 d5 3. Bf4 c5 4. e4 Nxe4 5. Nxe4 dxe4 6. dxc5 Qa5+ 7. c3 Qxc5 8. Qa4+ Nc6 9. Qxe4 g6 10. Nf3 Bg7 11. Rd1 Bf5 12. Qa4 0-0 13. Be3 Qa5 14. Bb5 Qc7 15. 0-0 0-1

[Event "BRA-ch 89th"]
[Site "Recife"]
[Date "2023.12.20"]
[Round "10"]
[White "Casalaspro, Mathias Andre"]
[Black "Molina, Roberto Junio Brito"]
[Result "0-1"]
[WhiteElo "2054"]
[BlackElo "2381"]
[PlyCount "92"]
[EventDate "2023.12.13"]
[EventType "swiss"]
[EventRounds "11"]
[EventCountry "BRA"]
[SourceTitle "CBM 219 Extra"]
[Source "ChessBase"]
[SourceDate "2024.05.31"]
[SourceVersion "1"]
[SourceVersionDate "2024.05.31"]
[SourceQuality "1"]

1. e4 c5 2. d4 cxd4 3. Qxd4 Nc6 4. Qd3 Nf6 5. Nc3 e6 6. Bf4 Bb4 7. Bd6 Bxd6 8. Qxd6 Qe7 9. 0-0-0 Qxd6 10. Rxd6 Ke7 11. Rd2 d6 12. f3 a6 13. a4 Bd7 14. Nh3 Rhc8 15. Be2 Ne5 16. f4 Ng6 17. Bf3 Bc6 18. Rhd1 Ne8 19. Rd4 e5 20. fxe5 dxe5 21. R4d2 Nf6 22. Nd5+ Bxd5 23. exd5 Kd6 24. Ng5 Rc7 25. Ne4+ Nxe4 26. Bxe4 Ne7 27. Rf1 f6 28. h3 Rc4 29. Bxh7 Rxa4 30. c3 e4 31. Rf4 f5 32. g4 g5 33. Rxf5 Nxf5 34. Bxf5 Rh8 35. b3 Ra1+ 36. Kb2 Re1 37. c4 b6 38. Rd4 Rxh3 39. Rxe4 Rxe4 40. Bxe4 Kc5 41. Ka3 Rh2 42. d6 Rd2 43. Bb7 b5 44. cxb5 axb5 45. b4+ Kc4 46. Be4 Rxd6 0-1

[Event "BRA-ch 89th"]
[Site "Recife"]
[Date "2023.12.14"]
[Round "2"]
[White "Casalaspro, Mathias Andre"]
[Black "Supi, Luis Paulo"]
[Result "0-1"]
[WhiteElo "2054"]
[BlackElo "2579"]
[PlyCount "58"]
[EventDate "2023.12.13"]
[EventType "swiss"]
[EventRounds "11"]
[EventCountry "BRA"]
[SourceTitle "CBM 217 Extra"]
[Source "ChessBase"]
[SourceDate "2024.01.31"]
[SourceVersion "1"]
[SourceVersionDate "2024.01.31"]
[SourceQuality "1"]

1. d4 Nf6 2. Nc3 d5 3. Bf4 e6 4. Nb5 Na6 5. e3 Be7 6. Nf3 Nh5 7. Be5 c6 8. Nc3 f6 9. Nd2 g6 10. g4 fxe5 11. gxh5 exd4 12. exd4 Qb6 13. Nb3 e5 14. dxe5 Rf8 15. Qd4 Nb4 16. Qxb6 axb6 17. Bd3 Nxd3+ 18. cxd3 gxh5 19. Rc1 Bg5 20. Rc2 Bf5 21. Ke2 Bf4 22. Nd4 Bxe5 23. Nxf5 Rxf5 24. a3 Kf7 25. Kf1 Rf3 26. Ke2 Rh3 27. Rcc1 Re8 28. Kd2 Bf4+ 29. Kc2 Bxc1 0-1

[Event "Titled Tuesday intern op 14th Nov Late"]
[Site "Chess.com INT"]
[Date "2023.11.14"]
[Round "5"]
[White "Casalaspro, Mathias Andre"]
[Black "Smirnov, Timofey"]
[Result "1-0"]
[WhiteElo "2060"]
[BlackElo "2381"]
[PlyCount "83"]
[EventDate "2023.11.14"]
[EventType "swiss (blitz)"]
[EventRounds "11"]
[EventCountry "USA"]
[SourceTitle "EXT 2025"]
[Source "ChessBase"]
[SourceDate "2024.10.14"]
[SourceVersion "1"]
[SourceVersionDate "2024.10.14"]
[SourceQuality "1"]

1. Nf3 d5 2. g3 Bf5 3. Bg2 e6 4. d3 Nf6 5. 0-0 Be7 6. Nbd2 h6 7. Re1 0-0 8. e4 dxe4 9. dxe4 Bh7 10. e5 Nd5 11. c3 c6 12. Ne4 Nd7 13. c4 N5b6 14. b3 Bb4 15. Bd2 a5 16. a3 Bxd2 17. Qxd2 Re8 18. Nd6 Re7 19. Rac1 Qc7 20. Qe3 Rd8 21. Red1 Nf8 22. Nd4 Red7 23. b4 axb4 24. axb4 c5 25. N4b5 Qb8 26. bxc5 Nc8 27. Be4 Ng6 28. f4 Nge7 29. Bxh7+ Kxh7 30. Qe4+ g6 31. Rb1 Nc6 32. Nd4 N8e7 33. Nxc6 Nxc6 34. Rb6 Qa7 35. Rdb1 Qa2 36. Rxb7 Rxb7 37. Rxb7 Qa1+ 38. Kg2 Qa2+ 39. Kh3 Na5 40. Rxf7+ Kg8 41. Qxg6+ Kh8 42. Qg7# 1-0